Correct Capital to Country #1 - Statistics

General Stats
  • This quiz has been taken 32 times
    28 since last reset
  • The average score is 7 of 15
Answer Stats
Question Answer % Correct
China Beijing
100%
Australia Canberra
100%
Indonesia Jakarta
100%
Portugal Lisbon
100%
Uruguay Montevideo
50%
Bahamas Nassau
50%
Cyprus Nicosia
50%
Iran Tehran
50%
Liechtenstien Vaduz
50%
Central African Republic Bangui
0%
Guinea Conakry
0%
Gabon Libreville
0%
Myanmar Naypyidaw
0%
Latvia Riga
0%
Fiji Suva
0%
No matching quizzes found
Score Distribution
Percent of People with Each Score
Percentile by Number Answered
Your Score History
You have not taken this quiz since the last reset